| 000 | 00607nam a2200229Ia 4500 | ||
|---|---|---|---|
| 001 | 14846 | ||
| 003 | GE_BSU | ||
| 008 | 181216s||||||||xx |||||||||||||| ||und|| | ||
| 040 | _cGE_BSU | ||
| 080 | _a519.6(075.8) | ||
| 100 | _aБерезин,И.С. Жидков,Н.П. | ||
| 245 | _aМетоды вычислений.Том 1. | ||
| 245 | _bУчебн. пособ. | ||
| 245 | _cРед.Б.М.Будак, | ||
| 250 | _a3-е изд. | ||
| 260 | _aМосква | ||
| 260 | _bНаука | ||
| 260 | _c1966 | ||
| 300 | _a632стр.22см. | ||
| 653 | _aМетоды вычислений. | ||
| 942 | _cBK | ||
| 999 |
_c47969 _d47969 |
||